Employment and economic problems / (Record no. 2142)

000 -LEADER
fixed length control field nam a22 7a 4500
005 - DATE AND TIME OF LATEST TRANSACTION
control field 20170515125344.0
008 - FIXED-LENGTH DATA ELEMENTS--GENERAL INFORMATION
fixed length control field 170515b1988 c ||||| |||| 00| 0 eng d
020 ## - INTERNATIONAL STANDARD BOOK NUMBER
International Standard Book Number 080392707X
040 ## - CATALOGING SOURCE
Original cataloging agency AKMAL
082 ## - DEWEY DECIMAL CLASSIFICATION NUMBER
Classification number 362.820973 CHI
090 ## - LOCALLY ASSIGNED LC-TYPE CALL NUMBER (OCLC); LOCAL CALL NUMBER (RLIN)
Classification number (OCLC) (R) ; Classification number, CALL (RLIN) (NR) 362.820973
Local cutter number (OCLC) ; Book number/undivided call number, CALL (RLIN) CHI
245 00 - TITLE STATEMENT
Title Employment and economic problems /
Statement of responsibility, etc. edited by Catherine S. Chilman, Fred M. Cox, Elam W. Nunnally.
260 ## - PUBLICATION, DISTRIBUTION, ETC.
Place of publication, distribution, etc. Newbury Park, Calif. :
Name of publisher, distributor, etc. Sage Publications,
Date of publication, distribution, etc. 1988
300 ## - PHYSICAL DESCRIPTION
Extent 269 p. :
Other physical details ill. ;
Dimensions 23cm
500 ## - GENERAL NOTE
General note Includes index.
505 0# - FORMATTED CONTENTS NOTE
Formatted contents note Unemployment and the family / Joan Aldous and Robert C. Tuttle -- Helping families with problems of unemployment and underemployment / Katharine Hooper Briar and Kristin Knighton -- Work and family : some major dilemmas / Paul A. Kurzman -- The interactive relationship between work life and family life : professional intervention / Florence Wexler Vigilante -- Addendum : the evolution of industrial social work in family service agencies / Robert Rice -- Poverty and families / Shirley L. Zimmerman and Catherine S. Chilman -- Helping families with income problems / Jean M. Kruzich -- Problems in family financial management / M. Janice Hogan and Jean W. Bauer -- Helping families with financial management problems / Flora L. Williams -- Public policies and families in financial trouble / Catherine S. Chilman.
650 #0 - SUBJECT ADDED ENTRY--TOPICAL TERM
Topical term or geographic name entry element Dysfunctional families
Geographic subdivision United States.
9 (RLIN) 4470
650 #0 - SUBJECT ADDED ENTRY--TOPICAL TERM
Topical term or geographic name entry element Unemployment
Geographic subdivision United States
9 (RLIN) 4471
650 #0 - SUBJECT ADDED ENTRY--TOPICAL TERM
Topical term or geographic name entry element Family social work
Geographic subdivision United States
9 (RLIN) 4472
650 #0 - SUBJECT ADDED ENTRY--TOPICAL TERM
Topical term or geographic name entry element Family counseling
Geographic subdivision United States
9 (RLIN) 4473
650 #0 - SUBJECT ADDED ENTRY--TOPICAL TERM
Topical term or geographic name entry element Dysfunctional families
General subdivision Government policy
Geographic subdivision United States
9 (RLIN) 4474
650 #2 - SUBJECT ADDED ENTRY--TOPICAL TERM
Topical term or geographic name entry element Counseling.
9 (RLIN) 1027
650 #2 - SUBJECT ADDED ENTRY--TOPICAL TERM
Topical term or geographic name entry element Family
General subdivision psychology.
9 (RLIN) 4475
650 #2 - SUBJECT ADDED ENTRY--TOPICAL TERM
Topical term or geographic name entry element Social Work
Geographic subdivision United States
9 (RLIN) 4476
650 #2 - SUBJECT ADDED ENTRY--TOPICAL TERM
Topical term or geographic name entry element Unemployment.
9 (RLIN) 4477
651 #0 - SUBJECT ADDED ENTRY--GEOGRAPHIC NAME
Geographic name United States
General subdivision Economic conditions
9 (RLIN) 3328
700 1# - ADDED ENTRY--PERSONAL NAME
Personal name Chilman, Catherine S.
9 (RLIN) 4478
700 1# - ADDED ENTRY--PERSONAL NAME
Personal name Cox, Fred M.
9 (RLIN) 4479
700 1# - ADDED ENTRY--PERSONAL NAME
Personal name Nunnally, Elam W.
9 (RLIN) 4480
942 ## - ADDED ENTRY ELEMENTS (KOHA)
Source of classification or shelving scheme
Koha item type Book
Holdings
Withdrawn status Lost status Source of classification or shelving scheme Damaged status Not for loan Collection code Home library Current library Shelving location Date acquired Inventory number Total Checkouts Full call number Barcode Date last seen Price effective from Koha item type
          NON-FICTION AKMAL Melaka AKMAL Melaka PINJAMAN 15.05.2017 302158   362.820973 CHI 201706252 15.05.2017 15.05.2017 Book
Pusat Sumber Maklumat Dato' Haji Sarmin Md Hussin, Akademi Kastam Diraja Malaysia, Melaka
Tel: 06-2331106 | Faks: 06-2313787